Quizzes
Events
Quiz Creation
Community
Videos
Private Events
Remove Ads
Sign In
Join for FREE
Feedback
Dark Mode
Quiz Categories
Sports
Geography
Music
Movies
Television
Just For Fun
Miscellaneous
History
Literature
Language
Science
Gaming
Entertainment
Religion
Holiday
For Kids
Quiz Lab
Recent
Popular Today
Quiz Kudos Today
Editor Picks
Curator Picks
Quizzes by...
Day
Popularity
Type
Ratings
Length
Year
Community
Subscriptions
Recent Discussions
Orange Saloon
Badges
Playlists
Quests
Create
Leaderboards
Showdown
Live 5
Trivia Bingo
Activity
Puzzle Library
Sporcle Events
Private Events
Virtual Trivia
Globe League
Become a Host
Pub Owners
SporcleCon
Opinionation
Our Games
Videos
Blog
Mobile Apps
Partnerships
Remove Ads and Go Orange
Feedback
Science
Computer
Plants
Astronomy
Chemistry
Elements
Math
Animal
Physics
Anatomy
Biology
Geology
General Science
Science
Computer
Plants
Astronomy
Chemistry
Elements
Math
Animal
Physics
Anatomy
Biology
Geology
General Science
Random Quiz
Search Sporcle
×
Quiz Lab
Quiz Lab
Science
ape
Type in answers that appear in a list
Type in answers that appear in a list
Classic
Best Score? Go Orange.
APES 2012 Rachel Jeffers Ch. 12 Stats
Can you name the APES 2012 Rachel Jeffers Ch. 12?
By
Racheljeffers
20m
30 Questions
8 Plays
8 Plays
8 Plays
Comments
Comments
Give Quiz Kudos
Give Quiz Kudos
-
- Ratings
hide this ad
Replay
Link that replays current quiz
Next Quiz
Link to next quiz in quiz playlist
You Got
0%
They Got
Avg Score
67%
Avg Friend Score
Upgrade to see
Score Distribution
Jump to the score distribution portion of the page
Score
0/30
Timer
20:00
0
Plays Today
Hint
Hint
% Correct
Growing several crops on the same plot at the same time
polyculture
100%
Occurs when food energy intake exceeds energy use and causes excess body fat
overnutrition
87.5%
Occurs when the topsoil falls by 10% or more
desertification
75%
A country where there is enough nutritious food to keep everyone active and healthy
food security
75%
A concentration of a particular aquatic species suitable for harvesting in a certain ocean area
fishery
75%
A form of industrialized agriculture used in tropical, less-
developed countries
plantation agriculture
75%
Supplying water to crops by artifiical means
irrigation
75%
Deficiencies of protein and other key nutrients
chronic malnutrition
75%
Occurs when there is a severe food shortage that causes death and starvation
famine
75%
A soil degradation process
salinization
75%
Saturation of soil with irrigation water or excessive precipitation so that the water table rises close to the surface
waterlogging
75%
Growing plants by exposing their roots to a nutrient-
rich water solution instead of soil
hydroponics
75%
Any species that interferes with human welfare by competing with us for resources
pest
75%
Dung and urne of animals used as a form of organic fertilizer
animal manure
75%
The practice of raising marine and freshwater fish in ponds or underwater cages in ocean waters
aquaculture
75%
Hint
Hint
% Correct
Organic material applied to cropland as a source of plant nutrients
organic fertilizer
75%
Freshly cut green vegetation that is plowed into the soil to increase the organic matter available to support crop growth
green manure
75%
Partially decomposed organic plant and animal matter used as a soil conditioner or fertilizer
compost
75%
Living with chronic hunger and poor nutrition
food insecurity
62.5%
People who do not have enough food to meet their basic energy needs suffer from this
hunger
62.5%
Method to reduce topsoil erosion and to restore soil fertility
soil conservation
62.5%
Farmers increase their inputs of human and draft-
animal labor to obtain higher crop yields
traditional intensive agriculture
62.5%
The movement of soil components from one place to another by the wind and water
soil erosion
62.5%
Involves burning and clearing small plots in tropical forests, growing crops, shifting to other plots and starting the process again
slash-and-burn agriculture
62.5%
Chemicals used to kill or control populations that we consider undesirable
pesticides
62.5%
Type of agriculture that supplements energy from the sun with the labor of humans and animals
traditional subsistence
50%
Type of fertilizer that is commercially prepared with a mix of inorganic plant nutrients
manufactured inorganic
50%
Uses heavy equipment, money, and resources to produce single crops
industrialized ariculture
37.5%
Keeps the size of pest populations below the level that causes economically unacceptable loss of a crop or animal
IPM
37.5%
Introduction of scientifically bred or selected varieties of grain that can increase crop yields with water and fertilizer
green revolution
37.5%
Quiz Playlist
Details
Report
Send in Message
Add To Playlist
Classic:
Type in answers that appear in a list
Last Updated: Feb 16, 2017
Quiz Scoreboard
CHALLENGE
Sign Up to Join the Scoreboard
Show All
Scores
Hide
Comments
May contain spoilers
Recently Published
Presidents Visiting Landmarks
by Hejman
History
7m
An Introduction to Baseball
by treessimontrees
Sports
5m
Movies - When Are They Set?
by FPL_Elf
Movies
5m
More to Explore
Quiz From the Vault
Featured Blog Post
Where Did the Easter Bunny Come From?
hide this ad
You Might Also Like...
Tags
2012
ape
rachel
Today's Top Quizzes in Science
Browse Science
hide this ad
Today's Top Quizzes in ape
Browse ape
Top Contributed Quizzes in Science
1
Quick Pick: Radians
2
Quick Pick: 'CI-CJ' Animals
3
Elements In Images
4
One Thing in Common: Science
5
One Thing in Common: Science III
6
One Thing in Common: Animals
7
1 to 50
8
Name the Acid, Base or Salt
9
One Thing in Common: Science II
10
Count to 60
Explore More
Trending Topics
Harry Potter
NBA
Anime
Kpop
Marvel
Disney
Crossword
Song
Country
Puzzle
NFL
WWE
The Office
Pokémon
Soccer
hide this ad
More By:
Racheljeffers
Quiz
Plays
Rating
Category
Featured
Created
APES 2012 Rachel Jeffers Ch. 12
8
Science
Sep 8, 2012
Go to Creator's Profile
Score Distribution
Quiz Creator Spotlight
Racheljeffers
Follow
Send a Message
Quizzes Created
-
Created Quiz Play Count
-
More By This Creator
Popular Quizzes Today
1
Find the Countries of Europe - No Outlines Minefield
2
Find the US States - No Outlines Minefield
3
The Countries of the World
4
Popular People in 1961
5
Find the US States
6
US States
7
Risky Map Clicking: Biggest States A-Z
8
1-10 Letter E Words III
More Science Quizzes
Science Medley 'B'
Quiz Lab
Trending Quizzes
Risky Map Clicking: Least Populous States A-Z
1-10 Letter F Words
1-10 Letter G Words
One Thing in Common: United Kingdom
Risky Map Clicking: Next State Alphabetically
Recently Updated
Leaping Animals
pecheneg
Reality TV Shows (A-Z)
bhenderson79
Rickey Henderson's Hall of Fame Teammates
pecheneg
Champions League XIs: Arsenal
pecheneg
Quick Pick: Celebrities in WWE's Hall of Fame
aduchscher
A-Z Keypad Blitz II
pecheneg
Multiple Oscar Actors
pecheneg
Mystery Phrase Blitz: Oscar 'Best Actors'
pecheneg
F. Scott Fitzgerald Novels
LTH
Pick 3 Villains
ddd62291
Trending Topics
Marvel
Anime
NBA
Harry Potter
Disney
Crossword
Kpop
NFL
Soccer
The Office
Puzzle
Pokémon
WWE
Song
Country
Your Account Isn't Verified!
In order to create a playlist on Sporcle, you need to verify the email address you used during registration. Go to your
Sporcle Settings
to finish the process.
Report this User
Report this user for behavior that violates our
Community Guidelines
.
Details:
Send Report
Go to the Sporcle.com Mobile Site →
Comments